Diccionario enciclopédico ilustrado de la lengua española

Guardat en:
Dades bibliogràfiques
Format: Llibre
Idioma:espanyol
Publicat: Barcelona Ramón Sopena 1954
Matèries:
Etiquetes: Afegir etiqueta
Sense etiquetes, Sigues el primer a etiquetar aquest registre!

MARC

LEADER 00000nam a2200000 a 4500
001 UCZ1087
003 CL-VaPUC
008 950811e19540000SP |||||||||||||||||spa|d
082 0 4 |a 463  |b DIC  |2 21 
245 1 0 |a Diccionario enciclopédico ilustrado de la lengua española 
300 |a 4 v 
942 |c BK 
945 |d 19950811 00:00:00  |a mfernand 
260 |a Barcelona  |b Ramón Sopena  |c 1954 
650 0 |a Español  |9 255372 
650 0 |a Diccionarios  |9 256200 
583 |a last modification  |c 19950811 00:00:00  |k Rodrigo Vera 
999 |c 237903  |d 237901 
952 |0 0  |1 0  |4 0  |6 463_000000000000000_DIC_1954  |7 0  |8 F  |9 247675  |a BIBEDU  |b BIBEDU  |d 2019-11-18  |h v.1  |i 1558633  |o 463 DIC 1954  |p 1558633  |r 2023-01-13  |w 2019-11-18  |y BK_F  |k EDU 
952 |0 0  |1 0  |4 0  |6 463_000000000000000_DIC_1954  |7 0  |8 F  |9 247676  |a BIBEDU  |b BIBEDU  |d 2019-11-18  |h v.2  |i 1558641  |l 1  |o 463 DIC 1954  |p 1558641  |r 2024-10-08  |s 2024-10-08  |w 2019-11-18  |y BK_F  |k EDU 
952 |0 0  |1 0  |4 0  |6 463_000000000000000_DIC_1954  |7 0  |8 F  |9 247677  |a BIBEDU  |b BIBEDU  |d 2019-11-18  |h v.3  |i 1559907  |l 1  |o 463 DIC 1954  |p 1559907  |r 2024-10-08  |s 2024-10-08  |w 2019-11-18  |y BK_F  |k EDU 
952 |0 0  |1 0  |4 0  |6 463_000000000000000_DIC_1954  |7 0  |8 F  |9 247678  |a BIBEDU  |b BIBEDU  |d 2019-11-18  |h v.4  |i 1559915  |o 463 DIC 1954  |p 1559915  |r 2023-01-13  |w 2019-11-18  |y BK_F  |k EDU